| 000 | 00000nam 2200000za 4500 |
| 001 | 9.662332 |
| 003 | CaOODSP |
| 005 | 20210615120508 |
| 007 | ta |
| 008 | 150407s2000||||xxc||||| f|0| 0 fre d |
| 020 | |a0-660-61562-2 |
| 040 | |aCaOODSP|bfre |
| 041 | |aeng |
| 041 | |afre |
| 043 | |an-cn--- |
| 086 | 1 |aCW66-192/2000 |
| 110 | 2 |aService canadien de la faune. |
| 245 | 10|aGuide d'identification CITES - papillons |
| 246 | 1 |iTitre alternatif : |aGuìa de identifìcación de CITES -- mariposas |
| 260 | |aOttawa - Ontario : |bEnvironnement Canada. |c2000. |
| 300 | |a1 vol. (en pagination multiple) : |bill. en couleur ; |c28 cm. |
| 500 | |aTitre en espagnol: Guìa de identifìcación de CITES -- mariposas. |
| 546 | |aTexte en français, anglais et espagnol |
| 563 | |aReliure à spirale |
| 590 | |a01-07|b2001-02-16 |
| 691 | 07|aPapillon|2gcpds |
| 776 | 0#|tCITES identification guide - butterflies : |w(CaOODSP)9.881746 |
| 791 | |tCITES identification guide -- butterflies |eeng|w(CaOODSP)9.662331 |